[Event "Ambalangoda Dhamso op 6th"]
[Site "Ambalangoda"]
[Date "2016.05.01"]
[Round "5"]
[White "De Silva, Udara Sandesh"]
[Black "Neranja, Gihan"]
[Result "1/2-1/2"]
[WhiteElo "1752"]
[BlackElo "1250"]
[PlyCount "82"]
[EventDate "2016.04.29"]
[EventType "swiss"]
[EventRounds "9"]
[EventCountry "SRI"]
[SourceTitle "EXT 2017"]
[Source "ChessBase"]
[SourceDate "2016.10.25"]
[SourceVersion "1"]
[SourceVersionDate "2016.10.25"]
[SourceQuality "1"]

1. e4 d5 2. exd5 Qxd5 3. Nc3 Qa5 4. d4 c6 5. Nf3 Nf6 6. Bd2 Qc7 7. Bc4 Bg4 8. h3 Bh5 9. Qe2 e6 10. g4 Bg6 11. 0-0-0 Nbd7 12. g5 Nh5 13. Ne5 Nxe5 14. dxe5 Bc5 15. Na4 Bd4 16. Qg4 Bxf2 17. Bb4 c5 18. Bb5+ Kf8 19. Rd7 Qxe5 20. Rhd1 cxb4 21. Qxb4+ Bc5 22. Nxc5 Qxg5+ 23. Kb1 Bxc2+ 24. Kxc2 Rc8 25. Kb1 Qxc5 26. Rd8+ Ke7 27. R1d7+ Kf6 28. Qh4+ g5 29. Rxf7+ Kxf7 30. Qxh5+ Kf6 31. Qh6+ Kf5 32. Bd3+ Kf4 33. Qf6+ Ke3 34. Qxe6+ Kf4 35. Qe4+ Kg3 36. Qg4+ Kf2 37. Qe2+ Kg3 38. Qe1+ Qf2 39. Qe5+ Qf4 40. Qe1+ Qf2 41. Qe5+ Qf4 1/2-1/2